Go Mo'! Mo'Ne Davis : (Record no. 6791)

MARC details
000 -LEADER
fixed length control field 01358cam a2200385 i 4500
001 - CONTROL NUMBER
control field 6791
003 - CONTROL NUMBER IDENTIFIER
control field FISKH
005 - DATE AND TIME OF LATEST TRANSACTION
control field 20250528121506.0
008 - FIXED-LENGTH DATA ELEMENTS--GENERAL INFORMATION
fixed length control field 150904s2015 nyua j 000 0beng
010 ## - LIBRARY OF CONGRESS CONTROL NUMBER
LC control number 2015472505
020 ## - INTERNATIONAL STANDARD BOOK NUMBER
International Standard Book Number 9780545837538 (Paperback)
020 ## - INTERNATIONAL STANDARD BOOK NUMBER
International Standard Book Number 0545837537 (Paperback)
040 ## - CATALOGING SOURCE
Original cataloging agency BIB
Language of cataloging eng
Transcribing agency BIB
Modifying agency DLC
050 ## - LIBRARY OF CONGRESS CALL NUMBER
Classification number GV865.D299 B83
082 ## - DEWEY DECIMAL CLASSIFICATION NUMBER
Classification number 796.357
100 1# - MAIN ENTRY--PERSONAL NAME
Personal name Bubar, Joe,
Relator term author.
245 10 - TITLE STATEMENT
Title Go Mo'! Mo'Ne Davis :
Remainder of title the girl who changed baseball history /
Statement of responsibility, etc. by Joe Bubar.
260 ## - PUBLICATION, DISTRIBUTION, ETC.
Place of publication, distribution, etc. New York :
Name of publisher, distributor, etc. Scholastic,
Date of publication, distribution, etc. 2015.
300 ## - PHYSICAL DESCRIPTION
Extent 32 pages :
Other physical details color illustrations ;
Dimensions 23 cm
336 ## - CONTENT TYPE
Content type term text
Content type code txt
Source rdacontent
337 ## - MEDIA TYPE
Media type term unmediated
Media type code n
Source rdamedia
338 ## - CARRIER TYPE
Carrier type term volume
Carrier type code nc
Source rdacarrier
500 ## - GENERAL NOTE
General note "This edition is available for distribution only through the school market"--Back cover.
505 ## - FORMATTED CONTENTS NOTE
Formatted contents note R<br/>
520 ## - SUMMARY, ETC.
Summary, etc. "This edition is available for distribution only through the school market"--Back cover.
521 8# - TARGET AUDIENCE NOTE
Target audience note 720<br/>
Source Lexile<br/>
521 8# - TARGET AUDIENCE NOTE
Target audience note R<br/>
Source Raz-Plus <br/>
600 10 - SUBJECT ADDED ENTRY--PERSONAL NAME
Personal name Davis, Mo'Ne
Form subdivision Juvenile literature.
611 20 - SUBJECT ADDED ENTRY--MEETING NAME
Meeting name or jurisdiction name as entry element Little League World Series (Baseball)
650 #0 - SUBJECT ADDED ENTRY--TOPICAL TERM
Topical term or geographic name entry element Women baseball players
Geographic subdivision United States
Form subdivision Biography.
650 #0 - SUBJECT ADDED ENTRY--TOPICAL TERM
Topical term or geographic name entry element Pitchers (Baseball)
Geographic subdivision United States
Form subdivision Biography.
906 ## - LOCAL DATA ELEMENT F, LDF (RLIN)
a 7
b cbc
c copycat
d 2
e ncip
f 20
g y-gencatlg
942 ## - ADDED ENTRY ELEMENTS (KOHA)
Source of classification or shelving scheme Dewey Decimal Classification
Koha item type Books
Suppress in OPAC No
Holdings
Withdrawn status Lost status Source of classification or shelving scheme Damaged status Not for loan Collection Home library Current library Shelving location Date acquired Total Checkouts Full call number Barcode Date due Date last seen Date last checked out Copy number Price effective from Koha item type
    Dewey Decimal Classification     Non-Fiction Footprints International School Library Network Toul Kork Campus Footprints International School Library Network Toul Kork Campus TK Primary Library Room(4th Floor), Bookcase 5&6, Shelves 33-56, Orange Books 05/28/2025 1 BUB 796.357 GV865.D299 B83 FISTK05524 12/23/2025 12/09/2025 12/09/2025 1 05/28/2025 Books